Central Library OPAC University of Rajshahi

English and medieval studies : (Record no. 62647)

MARC details
000 -LEADER
fixed length control field 00859nam a2200241 a 4500
001 - CONTROL NUMBER
control field 62647
003 - CONTROL NUMBER IDENTIFIER
rucl marc code BD-RjUL
005 - DATE AND TIME OF LATEST TRANSACTION
control field 20211209081116.0
008 - FIXED-LENGTH DATA ELEMENTS--GENERAL INFORMATION
fixed length control field 170124s1962 enkac 00000 eng d
035 ## - SYSTEM CONTROL NUMBER
System control number (BD-RjUL)62773
System control number 2339955
040 ## - CATALOGING SOURCE
Original cataloging agency ANL
Language of cataloging eng
Modifying agency ANL
Transcribing agency BD-RjUL
041 ## - LANGUAGE CODE
Language code of text/sound track or separate title eng
082 ## - DEWEY DECIMAL CLASSIFICATION NUMBER
Edition number 23
Classification number 820.902
Author mark and year ENG 1962
245 00 - TITLE STATEMENT
Title English and medieval studies :
Remainder of title presented to J.R.R. Tolkien on the occasion of his seventieth birthday /
Statement of responsibility, etc. edited by Norman Davis and C.L. Wrenn.
260 ## - PUBLICATION, DISTRIBUTION, ETC. (IMPRINT)
Place of publication, distribution, etc. London :
Name of publisher, distributor, etc. Allen & Unwin,
Date of publication, distribution, etc. 1962.
300 ## - PHYSICAL DESCRIPTION
Pagination 339 p. :
Illustrations ill. ;
Size 23 cm.
600 10 - SUBJECT ADDED ENTRY--PERSONAL NAME
Personal name Tolkien, J. R. R.
Fuller form of name (John Ronald Reuel),
Dates associated with a name 1892-1973.
650 #0 - SUBJECT ADDED ENTRY--TOPICAL TERM
Topical term or geographic name as entry element English literature
Chronological subdivision Middle English, 1100-1500.
9 (RLIN) 186263
700 1# - ADDED ENTRY--PERSONAL NAME
Personal name Davis, Norman,
Dates associated with a name 1913-
Personal name Wrenn, C. L.
Fuller form of name (Charles Leslie),
Dates associated with a name 1895-
942 ## - ADDED ENTRY ELEMENTS (KOHA)
Source of classification or shelving scheme Dewey Decimal Classification
Koha item type Books
Holdings
Lost status Source of classification or shelving scheme Damaged status Not for loan Collection code Permanent Location Current Location Shelving location Date acquired Source of acquisition Cost, normal purchase price Total Checkouts Full call number Date last seen Copy number Koha item type
  Dewey Decimal Classification   Not For Loan Non-fiction Central Library, University of Rajshahi Central Library, University of Rajshahi Reading Room 11/04/1964 Zeetlinger 50.00   820.902 ENG 1962 24/01/2017 C-1 Books